College Algebra

Na minha lista:
Detalhes bibliográficos
Autor principal: Smith, Karl J.
Outros Autores: Boyle, Patrick J.
Formato: Livro
Idioma:inglês
Publicado em: Pacific Grove Brooks and Cole Publ. Co. 1985
Edição:3. ed.
Assuntos:
Tags: Adicionar Tag
Sem tags, seja o primeiro a adicionar uma tag!

MARC

LEADER 00000nam a2200000 4500
001 c014854
005 20221207073354.2
020 |a 0-534-03747-X 
041 0 |a eng 
044 |a US 
245 1 0 |a College Algebra  |c Karl J. Smith, Patrick J. Boyle 
250 |a 3. ed. 
264 1 |a Pacific Grove  |b Brooks and Cole Publ. Co.  |c 1985 
300 |a 502 s. 
610 2 0 |a matematika 
610 2 0 |a školy vysoké 
100 1 |a Smith, Karl J. 
700 1 |a Boyle, Patrick J.